Estádios dos Times Brasileiros(Séries A,B,C e D) - Statistics

Estatísticas Gerais
  • Esse quiz foi jogado 415 vezes
  • A pontuação média é 36 de 128
Estatísticas das Respostas
Hint Resposta % Correto
Flamengo | Fluminense Maracanã
93%
Atlético-MG | Cruzeiro Mineirão
90%
São Paulo Morumbi
87%
Corinthians Neo Química Arena
85%
Athletico-PR Arena da Baixada
84%
Internacional Beira-Rio
84%
Palmeiras Allianz Parque
83%
Santos Vila Belmiro
83%
Ceará | Fortaleza Arena Castelão
82%
Grêmio Arena do Grêmio
81%
Moto Club | Sampaio Corrêa Castelão
80%
América-MG Independência
78%
Vasco da Gama São Januário
76%
Botafogo-RJ | Palmas Nilton Santos
74%
Chapecoense Arena Condá
71%
Sport Ilha do Retiro
71%
Avaí Estádio da Ressacada
70%
Cuiabá Arena Pantanal
69%
Vitória Barradão
66%
Coritiba Couto Pereira
66%
Juventude-RS Alfredo Jaconi
64%
Náutico Aflitos
59%
RB Bragantino Nabi Abi Chedid
59%
Ponte Preta Moisés Lucarelli
57%
CRB | CSA Rei Pelé
57%
Guarani Brinco de Ouro da Princesa
55%
Londrina Estádio do Café
53%
Santa Cruz Arruda
49%
Goiás Estádio da Serrinha
47%
Figueirense Orlando Scarpelli
46%
Criciúma Heriberto Hülse
44%
América-RN Arena das Dunas
42%
Atlético-GO Antônio Accioly
40%
ABC Frasqueirão
37%
Portuguesa Canindé
36%
Paysandu Curuzu
35%
Manaus Arena da Amazônia
34%
Paraná Vila Capanema
34%
Bahia Pituaçu
33%
Oeste Arena Barueri
32%
Joinville Arena Joinville
29%
Vila Nova OBA
28%
Ferroviária Fonte Luminosa
27%
Bangu Moça Bonita
27%
Volta Redonda Raulino de Oliveira
26%
Remo Baenão
24%
Operário-PR Germano Krüger
24%
Ituano Novelli Júnior
24%
Botafogo-SP Santa Cruz
24%
Caxias Centenário
23%
Botafogo-PB | Tombense Almeidão
21%
Campinense | Treze Amigão
19%
Retrô Arena Pernambuco
18%
Brusque Augusto Bauer
17%
Confiança Batistão
16%
Gama Bezerrão
15%
Ypiranga-RS Colosso da Lagoa
15%
Sergipe Batistão
14%
Santo André Distrital do Inamar
14%
Uberlândia Parque do Sábia
14%
Altos Albertão
13%
Inter de Limeira Limeirão
13%
São José Passo d' Areia
13%
Brasil-RS Bento de Freitas
12%
Mirassol Maião
11%
Madureira Aniceto Moscoso
9%
Novorizontino Jorjão
9%
Boa Esporte Melão
9%
Santana | Ypiranga-AP Zerão
8%
Rio Branco-ES Kleber Andrade
7%
Caldense Ronaldão
6%
Aimoré Cristo Rei
5%
ASA Fumeirão
5%
Central Lacerdão
5%
Brasiliense Serejão
5%
São Bento Walter Ribeiro
5%
Cianorte Albino Turbay
4%
Boavista Elcyr Resende
4%
Ferroviário Elzir Cabral
4%
Esportivo-RS Montanha dos Vinhedos
4%
GAS-RR | São Raimundo Canarinho
3%
Rio Branco-PR Estradinha
3%
Marcílio Dias Gigantão das Avenidas
3%
FC Cascavel Olímpico Regional
3%
Juazeirense Adautão
2%
Bahia de Feira Arena Cajueiro
2%
Atlético-BA Carneirão
2%
Fast Clube Colina
2%
Atlético-CE | Floresta Domingão
2%
Juventus-SC João Marcatto
2%
Juventude-MA Pinheirão
2%
Caucaia Raimundão
2%
Jacuipense Valfredão
2%
Aparecidense Annibal Toledo
1%
Atlético-AC | Galvez Arena Acreana
1%
4 de Julho Arena Colorada
1%
Paragominas Arena Verde
1%
Imperatriz Frei Epifânio
1%
Picos Helvídio Nunes
1%
Murici José Gomes da Costa
1%
União-MT Luthero Lopes
1%
Sousa Marizão
1%
Itabaiana Mendonção
1%
Castanhal Modelão
1%
Águia Negra Ninho d' Águia
1%
Patrocinense Pedro Alves do Nascimento
1%
Tocantinópolis Ribeirão
1%
Porto Velho Aluizão
0%
Jaraguá Amintas de Freitas
0%
Penarol Floro de Mendonça
0%
Guarany de Sobral Juncão
0%
Aquidauanense Noroeste
0%
Rio Branco VN Olímpio Perim
0%
Goianésia Valdeir Oliveira
0%
Nova Mutum Valdir Doilho Wons
0%
Real Ariquemes Valerião
0%
Nenhum quiz correspondente encontrado
Distribuição das Pontuações
Porcentagem de Pessoas com Cada Pontuação
Percentil de Números Respondidos
Sua Pontuação Histórica
Você não jogou esse quiz